000 00664nam a2200193 i 4500
001 72375
003 ES-MaACL
005 20230906171424.0
007 t|
008 040831s1960 sp ||||1| spa d
100 1 _aGiraldo Jaramillo, Gabriel.
_957197
245 1 0 _aColombia y Suecia
_b: relaciones culturales /
_cpor Gabriel Giraldo Jaramillo.
260 _aMadrid :
_bInsula,
_c[1960] (
_fAguirre)
300 _a170 p., 6 lám. ;
_c20 cm.
500 _aPrecede al tit.: Instituto Ibero-americano, Gotemburgo, Suecia.
710 0 0 _aInstituto Ibero-Americano (Göteborg)
_95089
852 _aES-MaACL
_jC-19180
_bR.45930
852 _aES-MaACL
_jC-20793
_bR.48834
999 _c72375
_d72375